| 000 | 00666nam a2200181 i 4500 | ||
|---|---|---|---|
| 001 | 23191 | ||
| 003 | ES-MaACL | ||
| 005 | 20230906152829.0 | ||
| 007 | t| | ||
| 008 | 021209s1961 sp ||||1| baq d | ||
| 100 | 1 |
_aAlzaga, Toribio. _921050 |
|
| 245 | 1 | 0 |
_aRamuntxo _b: iru egintza ta sei laukidun antzerkia / _cToribio Alzaga Anabitarte ; Pierre Loti'k sortua ; Rodrigo Figueroa Torres jaunak gaztelarrez tajutua ; ta Toribio Alzaga'k euskeraz tajutua. |
| 260 |
_a[Tolosa] : _bAuspoa Liburitegia, _c[1961] |
||
| 300 |
_a139 p. ; _c17 cm. |
||
| 700 | 1 |
_aFigueroa Torres, Rodrigo. _950802 |
|
| 700 | 1 |
_aLoti, Pierre. _974298 |
|
| 852 |
_aES-MaACL _jC-21500 _bR.49684 |
||
| 999 |
_c23191 _d23191 |
||